Ciudades de España - Estadísticas

Estadísticas generales
  • Esta prueba ha sido intentada 192 veces
  • La puntuación promedio es 8 de 10
Estadísticas de respuestas
Imagen Respuesta % Correcto
Barcelona
99%
Madrid
98%
Valencia
98%
Sevilla
95%
Bilbao
90%
Segovia
89%
Granada
84%
Zaragoza
75%
Córdoba
62%
Gijón
18%
No se encontraron pruebas coincidentes
Distribución de puntuación
Porcentaje de gente con cada puntuación
Porcentaje por número respondido
Historial de tus puntuaciones
No has intentado esta prueba.